000 00294nam a2200109Ia 4500
001 1265560
005 20260417142029.0
008 260417s9999 xx 000 0 und d
020 _a9786256999749
245 0 _aSular Üstünde Gökler Altında
_cKaan Murat Yanık
260 _bKetebe Yayınları
999 _c1265560
_d1265560